000 00615cam a22002173a 4500
001 38902
003 PGUSA
005 20140828083847.0
008 120216s2012||||xxu|||||s|||||000 | eng d
040 _aPGUSA
_beng
042 _adc
100 1 _aBusch, Wilhelm,
_d1832-1908
245 1 0 _aBuzz a Buzz; Or, The Bees
_h[electronic resource] /
_cWilhelm Busch
260 _bProject Gutenberg,
_c2012
506 _aPublic domain in the USA.
516 _aElectronic text
700 1 _aCotton, William Charles
830 0 _aProject Gutenberg
_v38902
856 4 0 _uhttp://www.gutenberg.org/ebooks/38902
942 _cEB
999 _c268155
_d268155